A Rodent Hungary KFT. termékpolitikájának elemzése, fókuszban az új Jack termékek bevezetése

Bibliográfiai részletek
Szerző: Schmidt Dániel
További közreműködők: Fabula László
Dokumentumtípus: Diplomadolgozat
Kulcsszavak:termékpolitika
Márkaépítés
Jack
Termékbevezetés
Elemzés
Állateledelpiac
Online Access:http://dolgozattar.uni-bge.hu/2232

MARC

LEADER 00000nta a2200000 i 4500
001 dolg2232
005 20150901141314.0
008 150505suuuu hu om 000 hun d
040 |a BGE Dolgozattár Repozitórium  |b hun 
041 |a hu 
100 1 |a Schmidt Dániel 
245 1 2 |a A Rodent Hungary KFT. termékpolitikájának elemzése, fókuszban az új Jack termékek bevezetése  |c Schmidt Dániel  |h [elektronikus dokumentum] 
246 1 1 |a A Rodent Hungary KFT. termékpolitikájának elemzése, fókuszban az új Jack termékek bevezetése 
695 |a termékpolitika 
695 |a Márkaépítés 
695 |a Jack 
695 |a Termékbevezetés 
695 |a Elemzés 
695 |a Állateledelpiac 
700 1 |a Fabula László  |e ths 
856 4 0 |u http://dolgozattar.uni-bge.hu/2232/1/sz.pdf  |z Dokumentum-elérés